000 00504nam a2200193 a 4500
001 1757137943020
003 YourLibrary
005 20250908142701.0
008 250906s1997##################000#0#eng##
020 _a9780684832401
082 0 4 _a128.5
_bBEC
100 1 _aBecker, Ernest,
_eauthor.
245 1 0 _aThe Denial of Death :
260 _bSimon and Schuster,
_c1997.
300 _a352 pages
650 0 _aFamily & Relationships.
942 _cENGLISH
040 _aYourLibrary
_beng
_cYourLibrary
999 _c585881
_d585881